| 000 | 01104pam a2200301 a 4500 | ||
|---|---|---|---|
| 001 | 534631 | ||
| 003 | OSt | ||
| 005 | 20240612121518.0 | ||
| 008 | 871217s1989 nyua 000 0 eng | ||
| 010 | _a 87035348 | ||
| 020 | _a0070552215 (pbk.) | ||
| 040 |
_aMUST LIB _cMUST |
||
| 050 | 0 | 0 |
_aQA297 _b.S37 1989 |
| 082 | 0 | 0 |
_a519.4 _219 _bSCH |
| 100 | 1 |
_aScheid, Francis, _d1920-2011. _96145 |
|
| 245 | 1 | 0 |
_aSchaum's outline of theory and problems of numerical analysis / _cby Francis Scheid. |
| 250 | _a2nd ed. | ||
| 260 |
_aNew York : _bMcGraw-Hill, _c1989. |
||
| 300 |
_a471 p. : _bill. ; _c28 cm. |
||
| 440 | 0 |
_aSchaum's outline series. _pSchaum's outline series in mathematics _9711 |
|
| 650 | 0 |
_aNumerical analysis _vProblems, exercises, etc. _96146 |
|
| 740 | 0 | _aTheory and problems of numerical analysis. | |
| 740 | 0 | _aNumerical analysis. | |
| 856 | 4 | 2 |
_3Publisher description _uhttp://www.loc.gov/catdir/description/mh022/87035348.html |
| 856 | 4 | 1 |
_3Table of contents _uhttp://www.loc.gov/catdir/toc/mh021/87035348.html |
| 906 |
_a7 _bcbc _corignew _d1 _eocip _f19 _gy-gencatlg |
||
| 942 |
_2z _cBOOK |
||
| 999 |
_c8426 _d8426 |
||